Statistics for Constellation Map

Click here to take the quiz!

General Stats

  • This quiz has been taken 2,730 times
  • The average score is 39 of 88

Answers on the Map

Answers color-coded by a green-red scale on the quiz's map according to % correct below.
 

Answer Stats

Constellation% Correct
Orion
88%
Leo
87%
Gemini
86%
Cancer
85%
Taurus
84%
Ursa Major
83%
Ursa Minor
82%
Sagitta
81%
Pisces
80%
Aquarius
78%
Virgo
78%
Libra
77%
Aries
76%
Sagittarius
70%
Scorpius
62%
Andromeda
61%
Draco
61%
Hercules
60%
Cassiopeia
59%
Canis Major
58%
Canis Minor
58%
Cygnus
58%
Capricornus
57%
Pegasus
57%
Perseus
53%
Bootes
52%
Hydra
52%
Crux
51%
Aquila
49%
Lyra
48%
Cepheus
45%
Triangulum
45%
Auriga
43%
Centaurus
42%
Cetus
41%
Corona Borealis
41%
Lynx
41%
Eridanus
39%
Lupus
39%
Ophiuchus
39%
Serpens
39%
Leo Minor
38%
Camelopardalis
37%
Carina
37%
Ara
36%
Corvus
36%
Lepus
36%
Corona Australis
35%
Delphinus
35%
Octans
35%
Vela
35%
Coma Berenices
34%
Crater
34%
Puppis
34%
Hydrus
33%
Sextans
33%
Canes Venatici
32%
Phoenix
32%
Telescopium
32%
Vulpecula
32%
Grus
31%
Lacerta
31%
Microscopium
31%
Monoceros
31%
Antlia
29%
Columba
29%
Indus
29%
Mensa
29%
Musca
29%
Pavo
29%
Piscis Austrinus
29%
Sculptor
29%
Scutum
29%
Triangulum Australe
29%
Apus
28%
Dorado
28%
Equuleus
28%
Fornax
28%
Pictor
28%
Norma
27%
Pyxis
27%
Tucana
27%
Volans
27%
Horologium
26%
Reticulum
26%
Caelum
25%
Chamaeleon
25%
Circinus
24%

Score Distribution

Percentile by Number Answered

Percent of People with Each Score

Your Score History

You have not taken this quiz